<?xml version="1.0" encoding="UTF-8"?><marc:collection xmlns:marc="http://www.loc.gov/MARC21/slim">
  <marc:record>
    <marc:leader>02110nas a2200421 c 4500</marc:leader>
    <marc:controlfield tag="001">010039414</marc:controlfield>
    <marc:controlfield tag="003">DE-101</marc:controlfield>
    <marc:controlfield tag="005">20250311204431.0</marc:controlfield>
    <marc:controlfield tag="007">tu</marc:controlfield>
    <marc:controlfield tag="008">991118c19579999fr u||p|  ||| 0||||1ger c</marc:controlfield>
    <marc:datafield tag="016" ind1="7" ind2=" ">
      <marc:subfield code="2">DE-600</marc:subfield>
      <marc:subfield code="a">2734-0</marc:subfield>
    </marc:datafield>
    <marc:datafield tag="016" ind1="7" ind2=" ">
      <marc:subfield code="2">DE-101</marc:subfield>
      <marc:subfield code="a">010039414</marc:subfield>
    </marc:datafield>
    <marc:datafield tag="035" ind1=" " ind2=" ">
      <marc:subfield code="a">(DE-599)ZDB2734-0</marc:subfield>
    </marc:datafield>
    <marc:datafield tag="035" ind1=" " ind2=" ">
      <marc:subfield code="a">(OCoLC)1367304082</marc:subfield>
    </marc:datafield>
    <marc:datafield tag="040" ind1=" " ind2=" ">
      <marc:subfield code="a">9001</marc:subfield>
      <marc:subfield code="b">ger</marc:subfield>
      <marc:subfield code="c">DE-101</marc:subfield>
      <marc:subfield code="d">9999</marc:subfield>
    </marc:datafield>
    <marc:datafield tag="041" ind1=" " ind2=" ">
      <marc:subfield code="a">ger</marc:subfield>
    </marc:datafield>
    <marc:datafield tag="042" ind1=" " ind2=" ">
      <marc:subfield code="a">zdb</marc:subfield>
    </marc:datafield>
    <marc:datafield tag="044" ind1=" " ind2=" ">
      <marc:subfield code="c">XA-FR</marc:subfield>
    </marc:datafield>
    <marc:datafield tag="082" ind1="7" ind2="4">
      <marc:subfield code="a">330</marc:subfield>
      <marc:subfield code="q">DE-600</marc:subfield>
      <marc:subfield code="2">22sdnb</marc:subfield>
    </marc:datafield>
    <marc:datafield tag="110" ind1="2" ind2=" ">
      <marc:subfield code="0">(DE-588)1002285-5</marc:subfield>
      <marc:subfield code="0">https://d-nb.info/gnd/1002285-5</marc:subfield>
      <marc:subfield code="0">(DE-101)004015207</marc:subfield>
      <marc:subfield code="a">International Finance Corporation</marc:subfield>
      <marc:subfield code="e">Verfasser</marc:subfield>
      <marc:subfield code="4">aut</marc:subfield>
      <marc:subfield code="2">gnd</marc:subfield>
    </marc:datafield>
    <marc:datafield tag="245" ind1="1" ind2="0">
      <marc:subfield code="a">Jahresbericht / Internationale Finanz-Corporation</marc:subfield>
    </marc:datafield>
    <marc:datafield tag="264" ind1="3" ind2="1">
      <marc:subfield code="a">Paris</marc:subfield>
      <marc:subfield code="b">[Verlag nicht ermittelbar]</marc:subfield>
      <marc:subfield code="c">1957-</marc:subfield>
    </marc:datafield>
    <marc:datafield tag="336" ind1=" " ind2=" ">
      <marc:subfield code="a">Text</marc:subfield>
      <marc:subfield code="b">txt</marc:subfield>
      <marc:subfield code="2">rdacontent</marc:subfield>
    </marc:datafield>
    <marc:datafield tag="337" ind1=" " ind2=" ">
      <marc:subfield code="a">ohne Hilfsmittel zu benutzen</marc:subfield>
      <marc:subfield code="b">n</marc:subfield>
      <marc:subfield code="2">rdamedia</marc:subfield>
    </marc:datafield>
    <marc:datafield tag="338" ind1=" " ind2=" ">
      <marc:subfield code="a">Band</marc:subfield>
      <marc:subfield code="b">nc</marc:subfield>
      <marc:subfield code="2">rdacarrier</marc:subfield>
    </marc:datafield>
    <marc:datafield tag="362" ind1="0" ind2=" ">
      <marc:subfield code="a">1.1956/57(1957) - 7.1962/63; 1963/64 - 1971; 1973 -</marc:subfield>
    </marc:datafield>
    <marc:datafield tag="363" ind1="0" ind2="0">
      <marc:subfield code="8">1.1\x</marc:subfield>
      <marc:subfield code="a">1</marc:subfield>
      <marc:subfield code="i">1956/57</marc:subfield>
    </marc:datafield>
    <marc:datafield tag="363" ind1="1" ind2="0">
      <marc:subfield code="8">1.2\x</marc:subfield>
      <marc:subfield code="a">7</marc:subfield>
      <marc:subfield code="i">1962/63</marc:subfield>
    </marc:datafield>
    <marc:datafield tag="363" ind1="0" ind2="0">
      <marc:subfield code="8">2.1\x</marc:subfield>
      <marc:subfield code="i">1963/64</marc:subfield>
    </marc:datafield>
    <marc:datafield tag="363" ind1="1" ind2="0">
      <marc:subfield code="8">2.2\x</marc:subfield>
      <marc:subfield code="i">1971</marc:subfield>
    </marc:datafield>
    <marc:datafield tag="363" ind1="0" ind2="1">
      <marc:subfield code="8">3.1\x</marc:subfield>
      <marc:subfield code="i">1973</marc:subfield>
    </marc:datafield>
    <marc:datafield tag="591" ind1=" " ind2=" ">
      <marc:subfield code="a">188!Kopie</marc:subfield>
    </marc:datafield>
    <marc:datafield tag="655" ind1=" " ind2="7">
      <marc:subfield code="0">(DE-588)4067488-5</marc:subfield>
      <marc:subfield code="0">https://d-nb.info/gnd/4067488-5</marc:subfield>
      <marc:subfield code="0">(DE-101)040674886</marc:subfield>
      <marc:subfield code="a">Zeitschrift</marc:subfield>
      <marc:subfield code="2">gnd-content</marc:subfield>
    </marc:datafield>
    <marc:datafield tag="775" ind1="0" ind2="8">
      <marc:subfield code="i">Parallele Sprachausgabe</marc:subfield>
      <marc:subfield code="n">Engl. Ausg.</marc:subfield>
      <marc:subfield code="a">International Finance Corporation</marc:subfield>
      <marc:subfield code="t">Annual report / International Finance Corporation, IFC</marc:subfield>
      <marc:subfield code="d">Washington, DC : [Verlag nicht ermittelbar], 1956-2005</marc:subfield>
      <marc:subfield code="x">0251-5385</marc:subfield>
      <marc:subfield code="w">(DE-600)203854-7</marc:subfield>
      <marc:subfield code="w">(DE-101)011165197</marc:subfield>
    </marc:datafield>
    <marc:datafield tag="775" ind1="0" ind2="8">
      <marc:subfield code="i">Parallele Sprachausgabe</marc:subfield>
      <marc:subfield code="n">Franz. Ausg.</marc:subfield>
      <marc:subfield code="a">International Finance Corporation</marc:subfield>
      <marc:subfield code="t">Rapport annuel / Société Financière International</marc:subfield>
      <marc:subfield code="d">Washington, DC : SFJ, 1968-</marc:subfield>
      <marc:subfield code="x">0251-5377</marc:subfield>
      <marc:subfield code="w">(DE-600)806978-5</marc:subfield>
      <marc:subfield code="w">(DE-101)014487144</marc:subfield>
    </marc:datafield>
    <marc:datafield tag="775" ind1="0" ind2="8">
      <marc:subfield code="i">Parallele Sprachausgabe</marc:subfield>
      <marc:subfield code="n">Span. Ausg.</marc:subfield>
      <marc:subfield code="a">International Finance Corporation</marc:subfield>
      <marc:subfield code="t">Informe anual / Corporaciòn Financièra Internacional</marc:subfield>
      <marc:subfield code="d">Washington, DC : [Verlag nicht ermittelbar], 1975-1975</marc:subfield>
      <marc:subfield code="w">(DE-600)2073685-X</marc:subfield>
      <marc:subfield code="w">(DE-101)023282533</marc:subfield>
    </marc:datafield>
    <marc:datafield tag="785" ind1="0" ind2="8">
      <marc:subfield code="i">1972</marc:subfield>
      <marc:subfield code="a">International Finance Corporation</marc:subfield>
      <marc:subfield code="t">Bericht / Internationale Finanz-Corporation, IFC</marc:subfield>
      <marc:subfield code="d">Paris : IFC, Europäisches Büro, 1972-1972</marc:subfield>
      <marc:subfield code="w">(DE-600)4789-2</marc:subfield>
      <marc:subfield code="w">(DE-101)01007175X</marc:subfield>
    </marc:datafield>
    <marc:datafield tag="850" ind1=" " ind2=" ">
      <marc:subfield code="a">DE-101a</marc:subfield>
    </marc:datafield>
  </marc:record>
</marc:collection>
